General Knowledge Quiz #1 - Statistics

General Stats
  • This quiz has been taken 33 times
    28 since last reset
  • The average score is 5 of 11
Answer Stats
Hint Answer % Correct
9 x 17 153
96%
An _____ a day keeps the doctor away! apple
93%
Who wrote Oliver Twist? Charles Dickens
89%
Who won the world cup in 2014? Germany
64%
What is the name of the actor that stars in "Iron Man" Robert Downey Jr.
50%
Who shot Abraham Lincoln? John Wilkes Booth
43%
What is Abraham Lincoln's nickname? Honest Abe
36%
Star on the Cleveland Cavaliers Lebron James
21%
Lawyer for Brown during Brown v. Board of Education case Thurgood Marshall
4%
The newest type of xbox xbox 1x
4%
Who wrote "Number The Stars" Lois Lowry
0%
No matching quizzes found
Score Distribution
Percent of People with Each Score
Percentile by Number Answered
Your Score History
You have not taken this quiz since the last reset